| 000 | 01033nam a2200349Ia 4500 | ||
|---|---|---|---|
| 001 | dia_6429 | ||
| 003 | CHAP | ||
| 005 | 20230606143311.0 | ||
| 008 | 220117s2008 xx 000 0 und d | ||
| 010 | _a177518 | ||
| 020 | _a978-970-58-0408-3 | ||
| 040 | _cCHAP | ||
| 082 | _a808.839375 M49 E25 2008 | ||
| 100 |
_aMeyer, Stephenie _9161418 |
||
| 245 |
_aEclipse / _c Stephenie Meyers |
||
| 260 |
_aMéxico : _b Santillana Ediciones Generales, _c2008 |
||
| 300 | _a622 p. | ||
| 440 |
_aAlfaguara _9161419 |
||
| 500 | _aTítulo original: Eclipse | ||
| 503 | _aD. | ||
| 590 | _aPS3613.E979 E25 2008 | ||
| 650 |
_aAmerican literature _x21st century _9153959 |
||
| 650 |
_aFiction _9152751 |
||
| 650 |
_aLiteratura americana _xSiglo XXI _9153678 |
||
| 650 |
_aNovela _982011 |
||
| 650 |
_aVampires _xFiction _9160312 |
||
| 650 |
_aVampiros _xNovela _9160313 |
||
| 901 | _a808.839375 M49 E25 2008 | ||
| 902 | _aM | ||
| 905 | _a5232272008 mx x 9222223332spa16 | ||
| 942 |
_cLIBRO _2ddc |
||
| 999 |
_c177518 _d177518 |
||